000 00776nam a2200289Ia 4500
005 20250425162400.0
008 250425s9999 xx 000 0 und d
020 _a9701056213
041 _aspa
043 _amx
082 _a001.424
100 _aHILLIER, FREDERICK S.
245 0 _aINTRODUCCION A LA INVESTIGACION DE OPERACIONES
250 _a8A ED.
260 _aMEXICO
260 _aMéxico
_bMCGRAW-HILL
_c2006
300 _a1062
500 _aTítulo Traducido: INTRODUCTION TO OPERATIONS RESEARCH
650 _aCADENAS DE MARKOV
650 _aINVESTIGACION DE OPERACIONES
650 _aPROGRAMACION LINEAL
650 _aPROGRAMACION NO LINEAL
650 _aSIMULACION
700 _aJESUS MURRIETA
_etraductor
942 _c01
010 _a67741
999 _c228077
_d228077